| 000 | 01071nam a2200193Ia 4500 | ||
|---|---|---|---|
| 003 | Ost | ||
| 005 | 20260507075110.0 | ||
| 008 | 260507s9999||||xx |||||||||||||| ||und|| | ||
| 040 | _cfsecg | ||
| 041 | _aara | ||
| 082 | _a330 | ||
| 100 |
_aبوحميدة، عطاء الله _eمؤلف |
||
| 245 | 0 |
_aدروس في المرسلات الادارية مع نماذج تطبيقية / _c عطاء الله بوحميدة |
|
| 260 |
_aالجزائر: _bديوان المطبوعات الجامعية, _c1999 |
||
| 300 |
_a74 صفحة؛ _c24 سم |
||
| 520 | _a1/ تعريف المراسلات الادارية 2/ الخصائص النوعية للتحرير الاداري 3/ الرسالة الادارية المرفقية 4/ الوثائق الادارية الأخرى غير الرسالة 5/ الوثائق المتعلقة بالاجتماعات 6/ فرز المراسلات - تسجيلها وحفظها 7/ النصوص القانونية (أنواعها ، ترتيبها ، شكلها) | ||
| 653 | _aمراسلات ادارية | ||
| 942 | _cكتاب | ||
| 999 |
_c42883 _d42883 |
||